Statistics for Top 15 Countries with Covid-19 Cases - 2 March 2022

Click here to take the quiz!

General Stats

  • This quiz has been taken 18 times
  • The average score is 15 of 29

Answer Stats

country% Correct
United States
100%
India
94%
Italy
94%
United Kingdom
94%
Brazil
88%
France
88%
Germany
88%
Russia
82%
Spain
82%
Poland
71%
Argentina
59%
Iran
59%
Turkey
59%
Colombia
53%
Portugal
53%
Belgium
41%
Netherlands
41%
Netherlands
41%
Austria
35%
Switzerland
35%
Denmark
29%
Czechia
24%
Estonia
24%
Latvia
24%
Lithuania
24%
Slovenia
24%
Georgia
12%
Israel
12%
Bahrain
6%

Score Distribution

Percentile by Number Answered

Percent of People with Each Score

Your Score History

You have not taken this quiz